000 00674nam a2200289Ia 4500
005 20260324140637.0
008 008 260324s9999 xx 000 0 eng d
020 _a9780429433290
037 _aEBOOK
040 _aCRL
040 _beng
040 _cCRL
041 _2eng
041 _aeng
084 _qCRL
100 _aAndrew McGee
_91186039
245 4 _aThe Single Market in Insurance
245 0 _bBreaking Down the Barriers
260 _bTaylor and Francis
260 _c1998
365 _a
365 _b150
856 _uhttp://www.taylorfrancis.com/books/9780429433290
942 _cEBOOK
999 _c1807466
_d1807466